Buffy contre les vampires - La liste des épisodes - Statistiques

Statistiques générales
  • Ce quiz a été pris 235 fois
  • Le résultat moyen est 66 sur 144
Statistiques - réponses
Episode Titre % Correct
1x01 Bienvenue à Sunnydale - Partie 1
90%
2x01 Bienvenue à Sunnydale - Partie 2
90%
1x03 Anne
73%
6x02 Halloween
73%
6x01 Les hyènes
70%
8x06 Tabula rasa
70%
10x01 Billy
67%
11x04 La fin du monde
67%
4x02 La momie inca
67%
10x04 Un silence de mort
67%
12x04 314
63%
13x02 Innocence - Partie 1
63%
14x02 Innocence - Partie 2
63%
21x07 La fin des temps - Partie 1
63%
22x07 La fin des temps - Partie 2
63%
12x02 Le manuscrit
63%
8x01 Moloch
63%
21x02 Acathla - Partie 1
60%
22x02 Acathla - Partie 2
60%
9x01 La marionnette
60%
3x03 La nouvelle petite sœur
60%
20x02 Les hommes-poissons
60%
16x05 Orphelines
60%
7x01 Alias Angelus
57%
1x05 Buffy contre Dracula
57%
9x02 Kendra - Partie 1
57%
10x02 Kendra - Partie 2
57%
4x01 Le chouchou du prof
57%
3x05 Le double
57%
9x04 Le mariage de Buffy
57%
20x03 Les chiens de l’enfer
57%
7x06 Que le spectacle commence
57%
3x01 Sortilèges
57%
2x04 Cohabitation difficile
53%
6x03 Effet chocolat
53%
11x02 Le fiancé
53%
9x03 Meilleurs vœux de Cordelia
53%
5x01 Un premier rendez-vous manqué
53%
8x07 Ça a commencé
50%
22x04 Cauchemar
50%
6x04 Cœur de loup-garou
50%
1x04 Disparitions sur le campus
50%
21x03 La Cérémonie - Partie 1
50%
22x03 La Cérémonie - Partie 2
50%
1x02 La métamorphose de Buffy
50%
2x02 Le puzzle
50%
10x03 Le soleil de Noël
50%
8x04 L’esprit vengeur
50%
12x03 Sans défense
50%
17x03 Trahison
50%
19x04 Un amour de pleine lune
50%
15x04 Une revenante - Partie 1
50%
16x04 Une revenante - Partie 2
50%
5x04 Breuvage du diable
47%
1x06 Chaos - Partie 1
47%
2x06 Chaos - Partie 2
47%
14x03 El Eliminati
47%
20x04 Facteur Yoko
47%
6x07 Folles de lui
47%
7x04 Intrigues en sous-sol
47%
17x02 La boule de Thésulah
47%
4x04 Le démon d’Halloween
47%
13x03 Le zéro pointé
47%
12x05 L’inspection
47%
11x01 Portée disparue
47%
3x06 Résurrection
47%
19x06 Rouge passion
47%
17x04 Superstar
47%
17x06 À la dérive
43%
15x03 Au-dessus des lois
43%
3x04 Désillusions
43%
5x02 Dévotion
43%
13x06 Esclave des sens
43%
11x03 Intolérance
43%
19x07 La fronde
43%
18x04 La maison hantée
43%
22x05 L’Apocalypse
43%
19x02 La soirée de Sadie Hawkins
43%
4x06 La tête sous l’eau
43%
5x03 Le bal de fin d’année
43%
2x03 Le masque de Cordolfo
43%
9x07 Le sceau de Danzalthar
43%
19x05 Magie noire
43%
9x05 Météorite
43%
4x05 Quand Spike s’en mêle
43%
5x05 Sœurs ennemies
43%
5x06 Tous contre Buffy
43%
21x06 Toute la peine du monde - Partie 1
43%
22x06 Toute la peine du monde - Partie 2
43%
18x03 Voix intérieures
43%
2x07 Démons intérieurs
40%
11x07 Exercice de style
40%
12x06 Fast food
40%
13x05 La clef
40%
12x07 La relève
40%
4x03 Les belles et les bêtes
40%
20x06 Les foudres de la vengeance
40%
6x05 Les liens du sang
40%
12x02 Œufs surprises
40%
21x04 Phase finale
40%
13x04 Piégée
40%
15x02 Pleine lune
40%
18x02 Réminiscence
40%
8x03 Amours contrariés
37%
3x02 Attaque à Sunnydale
37%
7x07 Connivences
37%
10x06 Dépendance
37%
18x06 Entropie
37%
8x05 Incantation
37%
2x05 Jalousies
37%
19x03 La boîte de Gavrock
37%
8x02 La face cachée
37%
7x05 La faille
37%
11x06 La femme invisible
37%
7x02 Mensonge
37%
17x05 Pour toujours
37%
14x07 Rendez-vous dangereux
37%
7x03 Révélations
37%
21x05 Sans espoir
37%
14x06 Sans issue
37%
9x06 Écarts de conduite
33%
16x06 La corde au cou
33%
18x05 La quête
33%
20x05 La spirale
33%
10x07 L’aube du dernier jour
33%
10x05 Par amour
33%
1x07 Rédemption
33%
14x04 Stress
33%
11x05 Triangle
33%
16x02 Un charme déroutant
33%
6x06 Baiser mortel
30%
15x05 Chagrin d’amour
30%
14x05 La déclaration
30%
15x06 La roue tourne
30%
16x03 Les deux visages
30%
16x07 Sous influence
30%
3x07 Vice versa
30%
20x07 Contre-attaque
27%
13x07 Duel
27%
5x07 Crise d’identité
23%
4x07 La prédiction
23%
15x07 Retour aux sources
23%
17x07 Un lourd passé
23%
18x07 L’armée des ombres
20%
Aucun quiz correspondant
Distribution des résultats
% des personnes avec chaque résultat
Percentile par nombre de réponses
Votre historique - résultats
Vous n’avez pas pris ce quiz